000 01341cam a22003494a 4500
001 14377486
005 20230322171842.0
008 060515s2006 vaua b 001 0 eng
010 _a 2006047656
015 _aGBA645189
_2bnb
016 7 _a013460034
_2Uk
020 _a1563478323 (alk. paper)
020 _a9781563478321
035 _a(OCoLC)ocm68263458
040 _aDLC
_cDLC
_dUKM
_dBAKER
_dC#P
_dYDXCP
_dOCLCQ
_dDLC
042 _apcc
050 0 0 _aTL670
_b.K554 2006
082 0 0 _a629.1341
_222
_bKLE
100 1 _aKlein, Vladislav.
_9111192
245 1 0 _aAircraft system identification :
_btheory and practice /
_cVladislav Klein, Eugene A. Morelli.
260 _aReston, VA :
_bAmerican Institute of Aeronautics and Astronautics,
_cc2006.
300 _axiv, 484 p. :
_bill. ;
_c24 cm.
440 0 _aAIAA education series
_91422
504 _aIncludes bibliographical references and index.
650 0 _aAeronautics
_xSystems engineering.
_91712
650 0 _aAirplanes
_xDesign and construction.
_92216
650 0 _aSystem identification.
_993959
700 1 _aMorelli, Eugene A.
_9111193
906 _a7
_bcbc
_corignew
_d1
_eocip
_f20
_gy-gencatlg
942 _2ddc
_cBK
999 _c594153
_d594153